| 000 | 01619nam0a22003251 4500 | ||
|---|---|---|---|
| 001 | rc\4230313 | ||
| 005 | 20250612022810.0 | ||
| 021 |
_aRU _b[61-60973] |
||
| 035 | _a(NLR Aleph) 008464259 | ||
| 090 |
_a7888842 _c7888842 |
||
| 100 | _a20130416d1961 |||y0rusy50 ca | ||
| 101 | 0 | _arus | |
| 102 | _aRU | ||
| 105 | _aa z ||||| | ||
| 200 | 1 | _aАбразивная очистка кожухотрубчатых теплообменников | |
| 210 |
_aМосква _cБ. и. _d1961 |
||
| 215 |
_a15 с. _cил. _d20 |
||
| 225 | 1 |
_aГосударственный комитет Совета Министров РСФСР по координации научно-исследовательских работ. Государственный научно-исследовательский институт научной и технической информации _vПеревод № 523/61П _i[Переработка нефти и нефтехимический синтез] |
|
| 300 | _aСтатья из "Industrial and engineering chemistry", 1960, XI, т. 52, № 12 | ||
| 300 | _aПеред загл. авт.: Р.Ф. Баттистелла, Дж.Л. Поуэлл, Р.А. Иекей, С. Бернштейн | ||
| 606 |
_aТеплообменные аппараты, трубчатые _xОчистка от накипи _2psbo |
||
| 701 | 1 |
_aПоуэлл _bДж.Л. |
|
| 701 | 1 |
_aИекей _bР.А. |
|
| 701 | 1 |
_aБернштейн _bС. |
|
| 701 | 1 |
_aБаттистелла _bР.Ф. |
|
| 801 | 0 |
_aRU _bNLR _gpsbo |
|
| 801 | 1 |
_aRU _bELAR _2rusmarc |
|
| 852 |
_aNLR _j61-4/13119 |
||
| 942 | _cBOOK | ||
| 980 | _aNB | ||